000 00308nam a2200121 a 4500
005 20140414131902.0
008 100920s19uu xx 00 eng d
050 _aFIC
_bD28 1999
245 _aBonjour, babies!.
260 _aNew York :
_bNickelodeon.
440 _aRugrats chapter book, #4
999 _c110705
_d110705